| 000 | 00774nam a2200217Ii 4500 | ||
|---|---|---|---|
| 003 | JO-AjNU | ||
| 008 | 230605s9999||||xx |||||||||||||| ||und|| | ||
| 017 | _a1975/1060 | ||
| 040 |
_aJO-AjNU _bara _erda _cJO-AjNU |
||
| 041 | _aara | ||
| 050 | 1 | 4 | _aPN1811.P3 1986 |
| 100 | 3 |
_aتقديم بينتلي،اريك ؛ ترجمة يوسف عبد المسيح ثروت, _eauthor _918956 |
|
| 245 | 0 | 0 | _aنظرية المسرح الحديث: مدخل إلى المسرح والدراما |
| 250 | _aط2 | ||
| 264 | 3 | 1 | _aبغداد: دار الشؤون الثقافية،1986 |
| 300 | _a474ص | ||
| 336 |
_atext _btxt _2rdacontent |
||
| 337 |
_aunmediated _bn _2rdamedia |
||
| 338 |
_avolume _bnc _2rdacarrier |
||
| 650 | 4 |
_a المسرح - دراما - تاريخ ونقد _918957 |
|
| 999 |
_aA6159 _c9727 _d9727 |
||